Bilecik Bilecik Bilecik Bilecik Bilecik

Osmanlı müzeciliği : (Record no. 42793)

MARC details
000 -BAŞLIK
Sabit Uzunluktaki Kontrol Alanı 01591nam a22003737a 4500
001 - KONTROL NUMARASI
Control Dosyası 0042971
003 - KONTROL NUMARASI KİMLİĞİ
Kontrol Alanı KOHA_MİRAKIL
005 - EN SON İŞLEM TARİHİ ve ZAMANI
Kontrol Alanı 20260207003331.0
007 - FİZİKSEL TANIM SABİT ALAN - GENEL BİLGİ
Sabit uzunluklu kontrol alanı ta
008 - SABİT UZUNLUKTAKİ VERİ ÖGELERİ - GENEL BİLGİ
Sabit Alan 130730b2004 tu a|||gr||||#||||0|tur |
020 ## - ISBN - ULUSLARARASI STANDART KİTAP NUMARASI
Isbn 9750502906
020 ## - ISBN - ULUSLARARASI STANDART KİTAP NUMARASI
Isbn 9789750502903
040 ## - KATALOGLAMA KAYNAĞI
Özgün Kataloglama Kurumu TR-BiSEU
Kataloglama Dili tur
Çeviri Kurumu TR-BiSEU
Açıklama Kuralları rda
041 0# - DİL KODU
Metin ya da ses kaydının dil kodu tur
044 ## - YAYINLAYAN/ÜRETEN KURULUŞUN ÜLKE KODU
ISO country code tu
050 ## - SINIFLAMA ve YER NUMARASI
Sınıflama Numarası AM79.T8
Yer Numarası S53 2004
100 1# - KİŞİ ADI
Yazar Adı (Kişi adı) Shaw, Wendy M. K..
240 10 - TEK BİÇİM BAŞLIK
Tekbiçim Başlık <a href="Possessors and possessed : museums, archaeology, and the visualization of history in the late Ottoman Empire">Possessors and possessed : museums, archaeology, and the visualization of history in the late Ottoman Empire</a>
Language of a work Türkçe
245 1# - ESER ADI BİLDİRİMİ
Başlık Osmanlı müzeciliği :
Alt Eseradı vb. müzeler, arkeoloji ve tarihin görselleştirilmesi =
-- Possessors and possessed :
-- museums, archaeology, and the visualization of history in the late Ottoman Empire/
Sorumluluk Bildirimi Wendy M. K. Shaw ; Wendy M.K. Shaw ; çeviren Esin Soğancılar..
264 #1 - ÜRERİM, YAYIN, DAĞITIM ve TELİF BİLDİRİMİ
Yayın yeri İstanbul :
Yayınlayan İletişim
Yayın tarihi 2004
300 ## - FİZİKSEL TANIMLAMA
Sayfa, Cilt vb. 339 sayfa :
Diğer fiziki detaylar resmli ;
Boyutları 20 cm.
336 ## - İÇERİK TÜRÜ
Content type term metin
Content type code txt
Source rdacontent
337 ## - MEDYA TÜRÜ
Media type term aracısız
Media type code n
Source rdamedia
338 ## - TAŞIYICI TÜRÜ
Carrier type term cilt
Carrier type code nc
Source rdacarrier
490 1# - DİZİ BİLDİRİMİ
Dizi Bildirimi İletişim yayınları ;
Cilt Numarası 1046.
490 1# - DİZİ BİLDİRİMİ
Dizi Bildirimi Sanathayat dizisi ;
Cilt Numarası 5
500 ## - GENEL NOT
Genel Not Translation of : Possessors and possessed : museums, archaeology, and the visualization of history in the late Ottoman Empire.
500 ## - GENEL NOT
Genel Not Includes bibliographical references (p. 321-333) and index.
650 #0 - KONU BAŞLIĞI EK GİRİŞ - KONU TERİMİ
Konusal terim veya coğrafi ad Museums--Turkey--History.
9 (RLIN) 79622
650 #0 - KONU BAŞLIĞI EK GİRİŞ - KONU TERİMİ
Konusal terim veya coğrafi ad Museums--Collection management--Turkey--History.
9 (RLIN) 79950
830 1# - SERİ EK GİRİŞİ - TEKBİÇİM ESER ADI
Tekbiçim Başlık İletişim yayınları ;
Volume number/sequential designation 1046.
9 (RLIN) 2528
830 1# - SERİ EK GİRİŞİ - TEKBİÇİM ESER ADI
Tekbiçim Başlık Sanathayat dizisi ;
Volume number/sequential designation 5
9 (RLIN) 79951
942 ## - EK GİRİŞ ÖGELERİ (KOHA)
Source of classification or shelving scheme Library of Congress Classification
Koha item type Book
Holdings
Materyal Türü Kalıcı Konum Mevcut Konum Raf Yeri Sınıflandırma Kaynağı Edinim Bilgisi Ana Konular Alt Konular Yer Numarası Demirbaş Numarası Fatura Tarihi Maliyet, Alış Fiyatı Maliyet, Yenileme Fiyatı Geri Çekilme Durumu Kayıp Durumu Hasarlı Durumu Kredi için değil Kayıt Tarih Toplam Ödünçverme Son Görülme Tarihi Son Kontrol Tarihi Satın Alma Notu
Book Prof. Dr. Azmi Özcan Kütüphanesi Prof. Dr. Azmi Özcan Kütüphanesi Uluğbey Salonu Library of Congress Classification Satın GENEL KONULAR Müzeler, Koleksiyonculuk ve Koleksiyoncular AM79.T8 S53 2004 0042971 24/09/2013 14.35 14.35         30/07/2013 2 05/12/2024 05/12/2024 73291-73383 (92 sayfa)